| 000 | 00387nam a22001577a 4500 | ||
|---|---|---|---|
| 003 | SGT | ||
| 020 | _a9780702049811 | ||
| 082 |
_a617.0707 _bC17O |
||
| 100 | _a Odell Edward W | ||
| 245 | _aCawson's Essentials of Oral Pathology and Oral Medicine | ||
| 250 | _a9TH | ||
| 260 |
_aNEW DELHI _bElsevier India _c2017 |
||
| 300 | _a1-545 | ||
| 650 | _aOral Pathology | ||
| 942 |
_2ddc _cBK _01 |
||
| 999 |
_c20890 _d20890 |
||